| 000 | 02189cam a2200349 i 4500 | ||
|---|---|---|---|
| 999 |
_c85981 _d85981 |
||
| 003 | BJBSDDR | ||
| 005 | 20230410132705.0 | ||
| 007 | ta | ||
| 008 | 150112s2015 nyu 000 1 eng | ||
| 020 |
_a9780446553933 (hardback) _a044655393X |
||
| 020 | _a9780446553940 (large print hardcover) | ||
| 035 | _a18446100 | ||
| 040 |
_aDLC _bspa _cDLC |
||
| 041 | _aEng | ||
| 042 | _apcc | ||
| 050 | 1 | 4 |
_aPS 3563 _bM528p 2015 |
| 082 | 0 | 0 |
_a813/.54 _223 |
| 100 | 1 |
_aMeltzer, Brad, _d1970- |
|
| 245 | 1 | 4 |
_aThe President's shadow / _cBrad Meltzer. |
| 250 | _aFirst edition. | ||
| 264 | 1 |
_aNew York : _bGrand Central Publishing, _c2015. |
|
| 300 |
_ax, 401 pages ; _c24 cm. |
||
| 490 | 0 | _aCulper ring | |
| 505 | _aBeecher White, a humble archivist at the U.S. National Archives by day, has a secret: he belongs to the Culper Ring, a network of spies founded by George Washington during the American Revolution. Over the course of his time working for the Culper Ring, White has discovered countless secrets and saved more lives than he knows -- including the President's. And then, one day, White makes an alarming discovery on the White House grounds: a severed arm buried in the Rose Garden. As he investigates, he realizes it's a message ... one that may have dire repercussions for the President. But that's not all -- the message also turns Beecher's personal life upside-down, pointing him towards the dark truth about his father's death. | ||
| 520 |
_a"Following The Inner Circle and The Fifth Assassin, Brad Meltzer returns with the next novel in the #1 New York Times bestselling Culper Ring series. Beecher White makes an alarming discovery on the White House grounds: there is a severed arm buried in the Rose Garden. As he investigates, he realizes it's a message one that may have dire repercussions for the President. Even worse, the message turns Beecher's personal life upside down, pointing him towards the dark truth about his father's death"-- _cProvided by publisher. |
||
| 650 | 4 |
_91828 _aPoesÃa estadounidense |
|
| 655 | 0 | _aPolitical fiction. | |
| 655 | 7 |
_aSuspense fiction. _2gsafd |
|
| 830 |
_98597 _aCulper ring |
||
| 942 |
_2lcc _cBK |
||
| 946 | _advf | ||